000 00378nam a2200145Ia 4500
008 230917s9999||||xx |||||||||||||| ||und||
040 _e58775
_aMAIN
041 _aEnglish
082 _a294.538 P258S
100 _aPartie, Troisieme
245 0 _aSomasambhuapaddhati
260 _aPondicherry
_bInstitute of Francais D Indologie
_c1977
300 _alvi, 774 p.
942 _cBK
999 _c192351
_d192351